[Event "I Torneo de Promoción C.A.Mar "]
[Site "San Pedro del Pinatar (Murcia"]
[Date "2010.01.16"]
[Round "5.10"]
[White "Sanchez Mas, Carlos"]
[Black "Marin Guillen, Angel"]
[Result "1/2-1/2"]
[WhiteElo "1862"]
[BlackElo "2151"]
[PlyCount "127"]
[EventDate "2010.01.15"]
[SourceDate "2010.01.15"]

1. e4 e5 2. Nf3 Nf6 3. Nc3 Bb4 4. Nxe5 Qe7 5. Nd3 Bxc3 6. dxc3 Qxe4+ 7. Qe2 O-O
8. Qxe4 Nxe4 9. Be3 a5 10. Nc5 Nxc5 11. Bxc5 Re8+ 12. Be3 d5 13. Bd3 Bg4 14.
O-O Nd7 15. h3 Bh5 16. Rfe1 Bg6 17. Rad1 Bxd3 18. Rxd3 c6 19. Rd2 Re6 20. Rde2
Rae8 21. Kf1 f6 22. Bf4 Kf7 23. Rxe6 Rxe6 24. Rxe6 Kxe6 25. Ke2 g5 26. Bc7 b6
27. g4 f5 28. f3 f4 29. Bd8 h6 30. h4 gxh4 31. Bxh4 c5 32. Bd8 Kd6 33. b3 Kc6
34. Be7 b5 35. a3 a4 36. g5 hxg5 37. Bxg5 Kd6 38. Bxf4+ Ke6 39. Ke3 b4 40. Kd2
bxa3 41. Kc1 axb3 42. cxb3 d4 43. cxd4 cxd4 44. Kb1 Ne5 45. b4 Nxf3 46. Ka2 Kd5
47. Kxa3 Kc4 48. Kb2 Kxb4 49. Kc2 Kc4 50. Kd1 d3 51. Bh6 Kd4 52. Bg7+ Ke3 53.
Bc3 Ke4 54. Ba5 Ne5 55. Bd2 Nc4 56. Ke1 Ne3 57. Bc1 Nc2+ 58. Kd2 Nd4 59. Ke1
Nb3 60. Bd2 Nxd2 61. Kxd2 Kd4 62. Kd1 Ke5 63. Kd2 Ke4 64. Kd1 1/2-1/2

[Event "I Torneo de Promoción C.A.Mar "]
[Site "San Pedro del Pinatar (Murcia"]
[Date "2010.01.17"]
[Round "6.1"]
[White "Torres Grajales, Ramon"]
[Black "Escudero Manzano, Alejandro"]
[Result "0-1"]
[WhiteElo "2083"]
[BlackElo "2000"]
[PlyCount "66"]
[EventDate "2010.01.15"]
[SourceDate "2010.01.15"]

1. e4 c5 2. Nf3 e6 3. d4 cxd4 4. Nxd4 a6 5. Nc3 b5 6. Nb3 Bb7 7. Bd3 Qc7 8. O-O
d6 9. a3 Nd7 10. f4 Ngf6 11. Qe2 Be7 12. Re1 O-O 13. Bd2 e5 14. f5 d5 15. exd5
Nxd5 16. Ne4 Rfe8 17. Na5 Nc5 18. Nxb7 Nxd3 19. Qxd3 Qxb7 20. Qg3 Kh8 21. Rad1
Rad8 22. Qb3 Nf6 23. Ng5 Bc5+ 24. Kh1 Kg8 25. Ba5 Rxd1 26. Rxd1 Ng4 27. Be1 h6
28. Nf3 e4 29. Nd4 e3 30. c3 Nf2+ 31. Bxf2 exf2 32. Nf3 Qxf3 33. gxf3 Re1+ 0-1

[Event "I Torneo de Promoción C.A.Mar "]
[Site "San Pedro del Pinatar (Murcia"]
[Date "2010.01.17"]
[Round "6.2"]
[White "Munoz Navarro, Alberto"]
[Black "Blaya Serrano, Juan Francisco"]
[Result "1-0"]
[WhiteElo "2181"]
[BlackElo "2046"]
[PlyCount "47"]
[EventDate "2010.01.15"]
[SourceDate "2010.01.15"]

1. e4 c5 2. Nf3 d6 3. d4 cxd4 4. Nxd4 Nf6 5. Nc3 a6 6. Be3 e6 7. g4 b5 8. g5
Nfd7 9. a3 Bb7 10. h4 Nc6 11. h5 Be7 12. Rg1 g6 13. f4 Nxd4 14. Qxd4 e5 15. Qd2
exf4 16. Bd4 Rg8 17. Qxf4 gxh5 18. Bh3 Bxg5 19. Qxd6 Rg6 20. Qh2 Qe7 21. Bf5
Bh4+ 22. Ke2 Rxg1 23. Rxg1 O-O-O 24. Bb6 1-0

[Event "I Torneo de Promoción C.A.Mar "]
[Site "San Pedro del Pinatar (Murcia"]
[Date "2010.01.17"]
[Round "6.3"]
[White "Torres Samper, Rafael"]
[Black "Murcia Paredes, Angel"]
[Result "0-1"]
[WhiteElo "2051"]
[BlackElo "2113"]
[PlyCount "121"]
[EventDate "2010.01.15"]
[SourceDate "2010.01.15"]

1. e4 e5 2. Nf3 Nc6 3. Nc3 Nf6 4. Bb5 Bb4 5. O-O O-O 6. d3 Bxc3 7. bxc3 d6 8.
h3 Qe7 9. Re1 Nd8 10. d4 c6 11. Bc4 Re8 12. a4 h6 13. Nh4 Kh8 14. Nf5 Bxf5 15.
exf5 e4 16. g4 d5 17. Bf1 b6 18. h4 Nh7 19. g5 hxg5 20. hxg5 Nxg5 21. Qh5+ Nh7
22. Bf4 f6 23. Re3 Nf7 24. Rh3 Nh6 25. Be2 Ng5 26. Rg3 Rf8 27. Kg2 Kg8 28. Rh1
a6 29. Qh2 e3 30. Rxe3 Qd7 31. Bd3 b5 32. Qh5 Rae8 33. Bxg5 fxg5 34. Rxe8 Qxe8
35. Qxg5 Qd8 36. Qg6 Rf6 37. Qh5 Qd6 38. Re1 Rf8 39. Qg6 Qf4 40. f6 Qg4+ 41.
Qxg4 Nxg4 42. fxg7 Kxg7 43. f3 Nf6 44. Re7+ Rf7 45. Re6 Rc7 46. a5 Kf7 47. Re5
Ng8 48. Kg3 Ne7 49. Kg4 Nc8 50. Kg5 Nd6 51. f4 Re7 52. Bg6+ Kf8 53. Rxe7 Kxe7
54. Bd3 Nb7 55. Kg6 Kf8 56. Kf6 Nxa5 57. Ke6 Nb7 58. Kd7 a5 59. c4 bxc4 60.
Kxc6 cxd3 61. cxd3 0-1

[Event "I Torneo de Promoción C.A.Mar "]
[Site "San Pedro del Pinatar (Murcia"]
[Date "2010.01.17"]
[Round "6.4"]
[White "Alcaraz Carcel, Antonio"]
[Black "Martinez Lopez, David"]
[Result "0-1"]
[WhiteElo "2000"]
[BlackElo "2057"]
[PlyCount "112"]
[EventDate "2010.01.15"]
[SourceDate "2010.01.15"]

1. Nf3 e6 2. g3 f5 3. Bg2 Nf6 4. O-O Be7 5. d3 O-O 6. Nbd2 d6 7. c3 c6 8. a4 e5
9. Nc4 h6 10. d4 e4 11. Ne1 Be6 12. Na3 d5 13. Bf4 Nbd7 14. f3 g5 15. Be3 Qe8
16. Qd2 Qg6 17. Nec2 Nh5 18. f4 Kh8 19. Kh1 Rg8 20. Bh3 Bd6 21. Rg1 gxf4 22.
Bxf4 Bxf4 23. gxf4 Qf6 24. Rxg8+ Rxg8 25. e3 Qh4 26. Bg2 Rg4 27. Qe1 Qf6 28.
Qf2 Nf8 29. Bf1 Bf7 30. Be2 Rg8 31. Rg1 Rxg1+ 32. Kxg1 Ng7 33. Ne1 Bh5 34. Bf1
Ng6 35. Nb1 Ne6 36. Nd2 c5 37. Be2 Bxe2 38. Qxe2 cxd4 39. cxd4 Qg7 40. Qg2 Kh7
41. Nb1 Qd7 42. Nc3 a6 43. Qe2 Nc7 44. Ng2 Ne8 45. Qc2 Nf6 46. Qb3 Ne7 47. Qb6
Ne8 48. h3 Nd6 49. Qc5 Ndc8 50. Nh4 b6 51. Qb4 Qd8 52. Ng2 Nd6 53. Kh2 Qc7 54.
Qb3 Nc4 55. Qc2 Nxe3 56. Qd2 Nf1+ 0-1

[Event "I Torneo de Promoción C.A.Mar "]
[Site "San Pedro del Pinatar (Murcia"]
[Date "2010.01.17"]
[Round "6.5"]
[White "Cartagena Sanchez, Javier"]
[Black "Saez Moya, Jaime"]
[Result "0-1"]
[WhiteElo "1951"]
[BlackElo "2190"]
[PlyCount "101"]
[EventDate "2010.01.15"]
[SourceDate "2010.01.15"]

1. e4 c5 2. Nf3 e6 3. d4 cxd4 4. Nxd4 Nf6 5. Bd3 Nc6 6. c3 d5 7. Nxc6 bxc6 8.
e5 Nd7 9. Qe2 Qc7 10. f4 Qb6 11. b4 d4 12. Nd2 dxc3 13. Nc4 Qxb4 14. Ba3 Qa4
15. Bxf8 Kxf8 16. f5 Nb6 17. Nd6 exf5 18. O-O g6 19. Qe3 Kg7 20. Bxf5 Nd5 21.
Qg3 Qd4+ 22. Kh1 Ne3 23. Bxc8 Nxf1 24. Rxf1 Qd5 25. Rxf7+ Kg8 26. Rf1 Rxc8 27.
Nxc8 Kg7 28. Nd6 Rf8 29. Re1 c2 30. Qg4 Qd2 31. Qd7+ Kg8 32. Qe6+ Kh8 33. Rg1
c1=Q 34. Nf7+ Kg7 35. Qf6+ Kg8 36. e6 Qxg1+ 37. Kxg1 Qe1+ 38. Qf1 Qxf1+ 39.
Kxf1 Rxf7+ 40. exf7+ Kxf7 41. Ke2 Ke6 42. Kd3 Kd5 43. Kc3 c5 44. a4 a5 45. g4
g5 46. h3 c4 47. Kd2 Kc5 48. Kc3 h6 49. Kb2 Kb4 50. Kc2 Kxa4 51. Kc3 0-1

[Event "I Torneo de Promoción C.A.Mar "]
[Site "San Pedro del Pinatar (Murcia"]
[Date "2010.01.17"]
[Round "6.6"]
[White "Ojaos Penalver, Abel"]
[Black "Del Valle Domenech, Rafael"]
[Result "1-0"]
[WhiteElo "1988"]
[BlackElo "2110"]
[PlyCount "45"]
[EventDate "2010.01.15"]
[SourceDate "2010.01.15"]

1. e4 Nf6 2. e5 Nd5 3. d4 d6 4. c4 Nb6 5. exd6 cxd6 6. Nc3 g6 7. Be3 Bg7 8. Rc1
O-O 9. b3 Nc6 10. d5 Ne5 11. Be2 h5 12. h3 e6 13. Nf3 exd5 14. cxd5 Nxf3+ 15.
Bxf3 Nd7 16. O-O Ne5 17. Be4 f5 18. f4 fxe4 19. fxe5 Rxf1+ 20. Qxf1 Bxe5 21.
Nxe4 Qh4 22. Rc4 b5 23. Bg5 1-0

[Event "I Torneo de Promoción C.A.Mar "]
[Site "San Pedro del Pinatar (Murcia"]
[Date "2010.01.17"]
[Round "6.7"]
[White "Perez Cuadrado Robles, Alejandr"]
[Black "Alcaraz Pacheco, Ivan"]
[Result "1/2-1/2"]
[WhiteElo "1927"]
[BlackElo "2042"]
[PlyCount "81"]
[EventDate "2010.01.15"]
[SourceDate "2010.01.15"]

1. e4 d5 2. exd5 Qxd5 3. Nc3 Qa5 4. d4 Nf6 5. Bc4 c6 6. Bd2 Bg4 7. Nge2 e6 8.
f3 Bf5 9. Ng3 Bg6 10. Qe2 Bb4 11. a3 Nbd7 12. O-O Bxc3 13. Bxc3 Qb6 14. Kh1 O-O
15. Qd2 Qc7 16. f4 Ne4 17. Nxe4 Bxe4 18. Rae1 Nf6 19. Bd3 Bxd3 20. Qxd3 Rfd8
21. Qf3 Rd5 22. Re5 Rxe5 23. dxe5 Nd5 24. Be1 Rd8 25. g4 Rd7 26. Bg3 Qd8 27. f5
Qe8 28. c4 Nb6 29. b3 Qd8 30. g5 Rd3 31. Qf4 Rd1 32. Rxd1 Qxd1+ 33. Kg2 Qxb3
34. Qd2 h6 35. Qd8+ Kh7 36. g6+ fxg6 37. f6 Qc2+ 38. Kh3 Qf5+ 39. Kg2 Qc2+ 40.
Kh3 Qf5+ 41. Kg2 1/2-1/2

[Event "I Torneo de Promoción C.A.Mar "]
[Site "San Pedro del Pinatar (Murcia"]
[Date "2010.01.17"]
[Round "6.8"]
[White "Garcia Roman, Jose Luis Machado"]
[Black "Rodriguez Rico, Juan Jose"]
[Result "1-0"]
[WhiteElo "2003"]
[BlackElo "1883"]
[PlyCount "83"]
[EventDate "2010.01.15"]
[SourceDate "2010.01.15"]

1. b4 e6 2. a3 d5 3. Bb2 Nf6 4. e3 c5 5. bxc5 Bxc5 6. Nf3 O-O 7. c4 Nc6 8. cxd5
Nxd5 9. Be2 Qb6 10. Qc1 Na5 11. Ra2 Bd7 12. Nc3 Nb3 13. Qc2 Rfc8 14. Bc4 Na5
15. Bxd5 exd5 16. Nxd5 Qd6 17. Qc3 f6 18. Nxf6+ gxf6 19. Qxa5 Qd3 20. Qc3 Qxc3
21. Bxc3 Bb5 22. h4 b6 23. Ra1 Be7 24. h5 Bd3 25. Rh4 f5 26. Rd4 Be4 27. Rd7
Kf8 28. Bb4 Bxb4 29. axb4 Rc2 30. Nd4 Rb2 31. f3 Bc2 32. Rxh7 Kg8 33. Raxa7
Rxa7 34. Rxa7 Bd3 35. f4 Rxb4 36. h6 b5 37. Ne6 Rb1+ 38. Kf2 Rh1 39. h7+ Rxh7
40. Ra8+ Kf7 41. Ng5+ Kf6 42. Ra6+ 1-0

[Event "I Torneo de Promoción C.A.Mar "]
[Site "San Pedro del Pinatar (Murcia"]
[Date "2010.01.17"]
[Round "6.10"]
[White "Mateos Martinez, Francisco Ramo"]
[Black "Garcia Lopez, Juan Antonio"]
[Result "0-1"]
[WhiteElo "1918"]
[BlackElo "1990"]
[PlyCount "66"]
[EventDate "2010.01.15"]
[SourceDate "2010.01.15"]

1. e4 d5 2. d4 dxe4 3. f3 e3 4. Bxe3 Nf6 5. Bd3 c6 6. Nc3 Nd5 7. Nxd5 cxd5 8.
Ne2 Nc6 9. c3 g6 10. Qc2 Bg7 11. O-O-O Bd7 12. h4 Rc8 13. a3 Na5 14. g4 Nc4 15.
Bxc4 dxc4 16. h5 Qa5 17. Rd2 Ba4 18. Qb1 Bc6 19. hxg6 hxg6 20. Rxh8+ Bxh8 21.
d5 Bxd5 22. Nf4 Bxf3 23. Nxg6 Bxc3 24. Rf2 Bxb2+ 25. Kxb2 c3+ 26. Ka1 Qxa3+ 27.
Qa2 Qxa2+ 28. Kxa2 Bd5+ 29. Kb1 fxg6 30. Bxa7 Be4+ 31. Kc1 b5 32. Rf4 Rc4 33.
g5 Ra4 0-1

[Event "I Torneo de Promoción C.A.Mar "]
[Site "San Pedro del Pinatar (Murcia"]
[Date "2010.01.17"]
[Round "7.1"]
[White "Escudero Manzano, Alejandro"]
[Black "Munoz Navarro, Alberto"]
[Result "1/2-1/2"]
[WhiteElo "2000"]
[BlackElo "2181"]
[PlyCount "37"]
[EventDate "2010.01.15"]
[SourceDate "2010.01.15"]

1. e4 d6 2. d4 Nf6 3. Nc3 g6 4. Bc4 Bg7 5. Nf3 O-O 6. O-O Nxe4 7. Bxf7+ Rxf7 8.
Nxe4 h6 9. h3 Nd7 10. c4 c6 11. Qb3 Nf8 12. Nh2 d5 13. cxd5 Qxd5 14. Qxd5 cxd5
15. Nc3 Bxd4 16. Nxd5 Be6 17. Nc7 Rc8 18. Nxe6 Nxe6 19. Ng4 1/2-1/2

[Event "I Torneo de Promoción C.A.Mar "]
[Site "San Pedro del Pinatar (Murcia"]
[Date "2010.01.17"]
[Round "7.2"]
[White "Murcia Paredes, Angel"]
[Black "Martinez Lopez, David"]
[Result "1/2-1/2"]
[WhiteElo "2113"]
[BlackElo "2057"]
[PlyCount "23"]
[EventDate "2010.01.15"]
[SourceDate "2010.01.15"]

1. e4 e6 2. Nf3 d5 3. Nc3 Nf6 4. e5 Nfd7 5. d4 c5 6. dxc5 Nc6 7. Bf4 Bxc5 8.
Bd3 f6 9. exf6 Nxf6 10. Qe2 O-O 11. O-O Bd7 12. h4 1/2-1/2

[Event "I Torneo de Promoción C.A.Mar "]
[Site "San Pedro del Pinatar (Murcia"]
[Date "2010.01.17"]
[Round "7.3"]
[White "Saez Moya, Jaime"]
[Black "Ridameya Tatche, Jose Miguel"]
[Result "1/2-1/2"]
[WhiteElo "2190"]
[BlackElo "1997"]
[PlyCount "132"]
[EventDate "2010.01.15"]
[SourceDate "2010.01.15"]

1. e4 e5 2. Nf3 Nc6 3. Bb5 a6 4. Ba4 Nf6 5. d3 b5 6. Bb3 Be7 7. O-O d6 8. c3
Bg4 9. Re1 Na5 10. Bc2 c5 11. Nbd2 Nc6 12. Nf1 h6 13. h3 Be6 14. d4 cxd4 15.
cxd4 exd4 16. Nxd4 Nxd4 17. Qxd4 Qc7 18. Qd1 Rc8 19. Bd3 O-O 20. Bd2 Nd7 21.
Bc3 Bf6 22. Bxf6 Nxf6 23. b3 Rfd8 24. Qe2 Qb6 25. Rad1 Nd7 26. Bb1 a5 27. Ne3
b4 28. Nd5 Bxd5 29. Rxd5 Rc5 30. Rd2 Nf6 31. Qe3 Qc7 32. Red1 Rc1 33. Qe1 Rxd1
34. Qxd1 Qe7 35. Rd4 Qe5 36. Qd2 Qc5 37. Qd3 Qc1+ 38. Kh2 Qf4+ 39. Qg3 Qxg3+
40. Kxg3 d5 41. e5 Ne8 42. Kf3 Nc7 43. Rd2 Nb5 44. Bd3 Nc3 45. Ke3 d4+ 46. Kf4
Kf8 47. Bc4 Ke7 48. f3 f6 49. Kf5 Nd5 50. Rxd4 Ne3+ 51. Ke4 Rxd4+ 52. Kxd4 Nxg2
53. exf6+ gxf6 54. Kc5 Ne1 55. Be2 Nc2 56. Kb6 Kd6 57. Kxa5 Kc5 58. Bd3 Nd4 59.
Be4 f5 60. Bd3 Nxf3 61. Bxf5 Nd4 62. Bg4 Nb5 63. Ka6 Nc3 64. Kb7 Nxa2 65. h4
Nc1 66. h5 Kd6 1/2-1/2

[Event "I Torneo de Promoción C.A.Mar "]
[Site "San Pedro del Pinatar (Murcia"]
[Date "2010.01.17"]
[Round "7.4"]
[White "Garcia Lopez, Juan Antonio"]
[Black "Garcia Roman, Jose Luis Machado"]
[Result "1-0"]
[WhiteElo "1990"]
[BlackElo "2003"]
[PlyCount "101"]
[EventDate "2010.01.15"]
[SourceDate "2010.01.15"]

1. e4 e5 2. Nf3 Nc6 3. Bb5 a6 4. Ba4 Nf6 5. O-O b5 6. Bb3 Be7 7. Re1 O-O 8. c3
d6 9. h3 Na5 10. Bc2 c5 11. d4 Qc7 12. Bg5 Nc4 13. b3 Nb6 14. Nbd2 a5 15. Bd3
Ba6 16. a4 c4 17. axb5 Bxb5 18. Bf1 h6 19. Bh4 g5 20. dxe5 dxe5 21. Bg3 Bd6 22.
bxc4 Ba4 23. Rxa4 Nxa4 24. Qxa4 Nd7 25. Nb3 Rfb8 26. Nfd2 Nb6 27. Qb5 Nd7 28.
Qd5 Nf6 29. Qd3 Nh5 30. Qe3 Nf4 31. c5 Bf8 32. Bxf4 gxf4 33. Qf3 a4 34. Nc1
Bxc5 35. Bc4 Kh7 36. Qh5 Kg7 37. Nd3 Bd6 38. Bd5 Ra5 39. Nf3 Rxd5 40. exd5 e4
41. Nh4 Bf8 42. Ne5 e3 43. fxe3 Rb2 44. Rf1 Qa7 45. Nf5+ Kh7 46. Rxf4 a3 47.
Nd4 Bg7 48. Rxf7 Qxf7 49. Nxf7 a2 50. Ng5+ Kg8 51. Qf7+ 1-0

[Event "I Torneo de Promoción C.A.Mar "]
[Site "San Pedro del Pinatar (Murcia"]
[Date "2010.01.17"]
[Round "7.5"]
[White "Villalonga Coll, Jaume"]
[Black "Ojaos Penalver, Abel"]
[Result "0-1"]
[WhiteElo "2111"]
[BlackElo "1988"]
[PlyCount "74"]
[EventDate "2010.01.15"]
[SourceDate "2010.01.15"]

1. d4 d5 2. c4 e6 3. Nc3 Nf6 4. cxd5 exd5 5. Bg5 Be7 6. Qc2 c6 7. e3 O-O 8. Bd3
Nbd7 9. Nge2 Re8 10. O-O Nf8 11. Rad1 g6 12. f3 Ne6 13. Bh4 b6 14. Kh1 Bb7 15.
e4 Rc8 16. e5 Nd7 17. Bxe7 Qxe7 18. f4 c5 19. Qb1 a6 20. f5 Nxd4 21. e6 fxe6
22. fxg6 hxg6 23. Bxg6 Rf8 24. Nf4 Rf6 25. Nh5 Rxf1+ 26. Rxf1 Rf8 27. Rxf8+
Nxf8 28. Nd1 Qg5 29. Be8 Nf5 30. Nf2 Nd6 31. Nh3 Qh6 32. Qf1 Nxe8 33. g4 d4+
34. Kg1 Qe3+ 35. Nf2 Ng6 36. h3 Ne5 37. Qb1 Nf3+ 0-1

[Event "I Torneo de Promoción C.A.Mar "]
[Site "San Pedro del Pinatar (Murcia"]
[Date "2010.01.17"]
[Round "7.6"]
[White "Aledo Lopez, Angel"]
[Black "Torres Grajales, Ramon"]
[Result "1-0"]
[WhiteElo "2004"]
[BlackElo "2083"]
[PlyCount "71"]
[EventDate "2010.01.15"]
[SourceDate "2010.01.15"]

1. e4 e5 2. Nf3 Nc6 3. Bc4 Nf6 4. Ng5 d5 5. exd5 b5 6. Bd3 Qxd5 7. O-O h6 8.
Nc3 Qd6 9. Nge4 Nxe4 10. Nxe4 Qd8 11. Bxb5 Bd7 12. c3 Rb8 13. Ba4 Qh4 14. Re1
f5 15. Ng3 f4 16. Bxc6 Bxc6 17. Rxe5+ Kf7 18. Ne4 Bd6 19. Nxd6+ cxd6 20. Rh5
Qf6 21. d4 g5 22. Rh3 Bd7 23. Rd3 Bf5 24. Rd2 Rhe8 25. b4 Re7 26. Re2 Rxe2 27.
Qxe2 Re8 28. Qc4+ Kg7 29. Bd2 f3 30. Re1 Be4 31. d5 Qf5 32. Qc7+ Kg6 33. Qxd6+
Kh5 34. Qg3 Qxd5 35. gxf3 Qxd2 36. Rxe4 1-0

[Event "I Torneo de Promoción C.A.Mar "]
[Site "San Pedro del Pinatar (Murcia"]
[Date "2010.01.17"]
[Round "7.8"]
[White "Blaya Serrano, Juan Francisco"]
[Black "Alcaraz Carcel, Antonio"]
[Result "1-0"]
[WhiteElo "2046"]
[BlackElo "2000"]
[PlyCount "112"]
[EventDate "2010.01.15"]
[SourceDate "2010.01.15"]

1. e4 d5 2. e5 c5 3. f4 Nc6 4. Nf3 Bg4 5. Be2 e6 6. O-O h5 7. c3 Nh6 8. d3 Nf5
9. Na3 a6 10. Nc2 b5 11. Ne3 c4 12. Nxf5 Bxf5 13. Be3 Be7 14. Qd2 O-O 15. Nd4
Nxd4 16. Bxd4 Bxd3 17. Bxd3 cxd3 18. f5 Bg5 19. Qxd3 exf5 20. Rxf5 g6 21. Rf3
Qd7 22. Raf1 Rae8 23. Bc5 Be7 24. Bd4 Bd8 25. Bc5 Be7 26. Be3 Qe6 27. Bh6 Qxe5
28. Bxf8 Rxf8 29. Rd1 Rd8 30. Qf1 Bd6 31. g3 f5 32. Re1 Qf6 33. Kg2 Bc5 34. Rd3
Kf7 35. Qf3 Qc6 36. Red1 Ke6 37. Re1+ Kf7 38. b3 Rd6 39. h3 Qd7 40. Red1 Ke6
41. Qe2+ Kf7 42. Qd2 Ke6 43. Qh6 Qf7 44. Qh8 Kd7 45. Qa8 Qe6 46. Qb7+ Ke8 47.
R3d2 Qe4+ 48. Kh2 Be3 49. Qb8+ Ke7 50. Rg2 h4 51. Re1 hxg3+ 52. Rxg3 f4 53. Rg4
Qe5 54. Kg2 Qe4+ 55. Kh2 Qe5 56. Qc7+ Ke8 1-0

[Event "I Torneo de Promoción C.A.Mar "]
[Site "San Pedro del Pinatar (Murcia"]
[Date "2010.01.17"]
[Round "7.9"]
[White "Alcaraz Pacheco, Ivan"]
[Black "Cartagena Sanchez, Javier"]
[Result "1-0"]
[WhiteElo "2042"]
[BlackElo "1951"]
[PlyCount "58"]
[EventDate "2010.01.15"]
[SourceDate "2010.01.15"]

1. e4 e5 2. Nc3 Nc6 3. f4 exf4 4. Nf3 Nf6 5. e5 Nh5 6. d4 d5 7. Be2 g5 8. Nxg5
Qxg5 9. Bxh5 Qh4+ 10. Kf1 Be6 11. Bf3 O-O-O 12. Ne2 Bh6 13. g3 Bh3+ 14. Kf2 Qe7
15. Bxf4 Bxf4 16. Nxf4 Be6 17. c3 Kb8 18. Qb3 f6 19. exf6 Qxf6 20. Rae1 Bf7 21.
Rhf1 h5 22. Ke2 h4 23. Kd1 hxg3 24. hxg3 Qg5 25. Ne2 Na5 26. Qc2 Nc4 27. Nf4
Qxg3 28. Qf5 Nxb2+ 29. Kc2 Rh2+ 1-0

[Event "I Torneo de Promoción C.A.Mar "]
[Site "San Pedro del Pinatar (Murcia"]
[Date "2010.01.17"]
[Round "7.10"]
[White "Navarro Martinez, Daniel"]
[Black "Patino Andreu, Ramon"]
[Result "1-0"]
[WhiteElo "1972"]
[BlackElo "2027"]
[PlyCount "126"]
[EventDate "2010.01.15"]
[SourceDate "2010.01.15"]

1. e4 e5 2. d4 exd4 3. Bc4 Nc6 4. Nf3 d6 5. c3 Nf6 6. O-O Be7 7. Re1 Bg4 8. Qb3
O-O 9. Qxb7 Na5 10. Qa6 Nxc4 11. Qxc4 Bxf3 12. gxf3 Nh5 13. Qd5 g6 14. f4 Bh4
15. Qxd4 Qd7 16. Qd1 Rab8 17. Qf3 Bf6 18. Na3 Rfe8 19. Nc2 a5 20. Nd4 Ng7 21.
Kh1 a4 22. Rb1 c5 23. Ne2 Qe6 24. f5 Qxe4 25. Qxe4 Rxe4 26. fxg6 fxg6 27. Bd2
Nf5 28. Ng3 Rxe1+ 29. Bxe1 Nh4 30. Ne4 Be5 31. f4 Bxf4 32. Bxh4 h6 33. Bg3 Bxg3
34. hxg3 Rb6 35. Kg2 Kf7 36. b4 axb3 37. axb3 Ke6 38. Kf3 Ke5 39. Nd2 d5 40.
Ra1 Rf6+ 41. Kg2 Kf5 42. Rf1+ Ke6 43. Rxf6+ Kxf6 44. Kf3 Ke5 45. Kg4 d4 46.
Nf3+ Ke4 47. cxd4 cxd4 48. Nd2+ Kd3 49. Nf3 Ke4 50. Nxd4 Kxd4 51. Kf4 Kc3 52.
Ke5 Kxb3 53. Kf6 g5 54. Kg6 Kc4 55. Kxh6 g4 56. Kg5 Kd5 57. Kxg4 Ke5 58. Kh5
Kf5 59. Kh4 Kf6 60. Kh5 Kf5 61. g4+ Kf6 62. Kh6 Kf7 63. g5 Kf8 1-0